Elementos de fisiología humana / (Registro nro. 1614)
[ vista simple ]
| 000 -LEADER | |
|---|---|
| fixed length control field | 01328nam a2200409 a 4500 |
| 008 - CAMPO DE CONTROL (LIBRO) | |
| fixed length control field | 130812s2012 ag ||||| |||| 00| 0 spa d |
| 020 ## - INTERNATIONAL STANDARD BOOK NUMBER | |
| ISBN | 9789871881208 |
| 041 ## - CODIGO DE IDIOMA | |
| Código de idioma del texto/pista de sonido o título separado | spa |
| 092 ## - SIGNATURA TOPOGRAFICA DEWEY LOCAL | |
| número de clasificación | 612 |
| libristica | 13 |
| sección | COV |
| 245 ## - TITULO PROPIAMENTE DICHO | |
| Título | Elementos de fisiología humana / |
| Mención de responsabilidad y remanente de la transcripción de la portada | Alfredo Coviello |
| 250 ## - MENCION DE EDICION | |
| Mención de edición | 2a ed. |
| 260 ## - PIE DE IMPRENTA | |
| Lugar de publicación, distribución, etc | San Miguel de Tucumán: |
| Nombre de la editorial, distribuidor, etc | Imprenta Facultad de Ciencias Medicas; |
| Fecha de publicación | 2012. |
| 300 ## - DESCRIPCION FISICA | |
| Extension | 347 p. |
| 500 ## - NOTA GENERAL | |
| Nota general | Coviello, A. et al. (2012). Elementos de fisiología humana. (2a ed.). Tucumán : Universidad Nacional de Tucumán. |
| 653 ## - TÉRMINO INDIZADO - PALABRAS CLAVES | |
| Palabra clave | Fisiologia humana |
| 653 ## - TÉRMINO INDIZADO - PALABRAS CLAVES | |
| Palabra clave | Enseñanza universitaria |
| 653 ## - TÉRMINO INDIZADO - PALABRAS CLAVES | |
| Palabra clave | Sistema nervioso |
| 653 ## - TÉRMINO INDIZADO - PALABRAS CLAVES | |
| Palabra clave | Glandulas de secrecion interna |
| 653 ## - TÉRMINO INDIZADO - PALABRAS CLAVES | |
| Palabra clave | Aparato circulatorio |
| 653 ## - TÉRMINO INDIZADO - PALABRAS CLAVES | |
| Palabra clave | Aparato respiratorio |
| 653 ## - TÉRMINO INDIZADO - PALABRAS CLAVES | |
| Palabra clave | Sangre |
| 653 ## - TÉRMINO INDIZADO - PALABRAS CLAVES | |
| Palabra clave | Riñon y electrolitos |
| 653 ## - TÉRMINO INDIZADO - PALABRAS CLAVES | |
| Palabra clave | Aparato digestivo |
| 653 ## - TÉRMINO INDIZADO - PALABRAS CLAVES | |
| Palabra clave | Metabolismo |
| 653 ## - TÉRMINO INDIZADO - PALABRAS CLAVES | |
| Palabra clave | Valoracion bioquimica |
| 653 ## - TÉRMINO INDIZADO - PALABRAS CLAVES | |
| Palabra clave | Hipotalamo |
| 700 1# - ENTRADAS SECUNDARIAS - NOMBRE PERSONAL | |
| Nombre personal | Coviello, Alfredo |
| 9 (RLIN) | 2587 |
| 700 1# - ENTRADAS SECUNDARIAS - NOMBRE PERSONAL | |
| Nombre personal | Altieri, Héctor |
| 9 (RLIN) | 2588 |
| 700 1# - ENTRADAS SECUNDARIAS - NOMBRE PERSONAL | |
| Nombre personal | Decima, Emilio Eugenio |
| 9 (RLIN) | 2589 |
| 700 1# - ENTRADAS SECUNDARIAS - NOMBRE PERSONAL | |
| Nombre personal | De la Serna, Fernando |
| 9 (RLIN) | 2590 |
| 700 1# - ENTRADAS SECUNDARIAS - NOMBRE PERSONAL | |
| Nombre personal | Jerez, Susana |
| 9 (RLIN) | 2591 |
| 700 1# - ENTRADAS SECUNDARIAS - NOMBRE PERSONAL | |
| Nombre personal | López, Sonia Beatriz |
| 9 (RLIN) | 2592 |
| 700 1# - ENTRADAS SECUNDARIAS - NOMBRE PERSONAL | |
| Nombre personal | López, Oscar Luis |
| 9 (RLIN) | 2593 |
| 700 1# - ENTRADAS SECUNDARIAS - NOMBRE PERSONAL | |
| Nombre personal | Nader, Emilio |
| 9 (RLIN) | 2594 |
| 700 1# - ENTRADAS SECUNDARIAS - NOMBRE PERSONAL | |
| Nombre personal | Peral de Bruno, Maria |
| 9 (RLIN) | 2595 |
| 942 ## - ADDED ENTRY ELEMENTS (KOHA) | |
| Source of classification or shelving scheme | Dewey Decimal Classification |
| Item type | Libros |
| Estado de retiro | Existencia | Fuente de clasificación | Estado general | No para prestamo | Colección | Ubicación permanente | ubicación actual | Sala de ubicación | Fecha de adquisición | Fuente de adquisición | Total Checkouts | Número de clasificación | Código de barras | Date last seen | Número de ejemplar | Price effective from | Koha tipo de elemento (item) | Public note | Coded location qualifier |
|---|---|---|---|---|---|---|---|---|---|---|---|---|---|---|---|---|---|---|---|
| Dewey Decimal Classification | Non-fiction | Biblioteca Medicina | Biblioteca Medicina | Circulación | 12/08/2013 | Donacion Fac. Cs. Medicas Tucuman | 612 13 COV | 3125 | 06/11/2014 | Ej. 1 | 12/08/2013 | Libros | Donacion U.N.T. Facultad de Medicina de Tucuman. Sede Tordos. |